000 00274nam a2200121Ia 4500
100 _aUNIX System V /386 RELEASE 4
942 _cBK
654 _axenith
245 _aBSD/XENITH Compatibility guide
260 _bprentice
_aNew Delhi
_c1992
546 _aENGLISH
999 _c34121
_d34121